Výkladový slovník kybernetické bezpečnosti = Cyber security glossary /

Hlavní autor: Jirásek, Petr
Další autoři: Novák, Luděk, Požár, Josef
Jazyk: Čeština
Angličtina
Vydáno: Praha : Policejní akademie ČR v Praze :Česká pobočka AFCEA, 2015
Vydání: Třetí aktualizované vydání
Témata:
Fyzický popis: 240 stran ; 21 cm
Language note: Částečně anglický text
Knihy
Uloženo v:
LEADER 02611nam a2200673 i 4500
001 nkc20152701218
003 CZ PrNK
005 20230117150635.0
007 ta
008 150520s2015 xr e d 000 0 cze
015 |a cnb002701218 
020 |a 978-80-7251-436-6  |q (brožováno) :  |c neprodejné 
035 |a (OCoLC)913564967 
040 |a BOA001  |b cze  |e rda 
041 0 |a cze  |a eng 
072 7 |a 351  |x Úkoly veřejné správy, správní opatření, legislativa  |2 Konspekt  |9 15 
072 7 |a 81  |x Lingvistika. Jazyky  |2 Konspekt  |9 11 
080 |a 351.78:004.7  |2 MRF 
080 |a 81'373.46  |2 MRF 
080 |a 811.162.3  |2 MRF 
080 |a 811.111  |2 MRF 
080 |a (038)81  |2 MRF 
080 |a (038.072)  |2 MRF 
100 1 |a Jirásek, Petr  |7 ola2012709841  |4 aut 
245 1 0 |a Výkladový slovník kybernetické bezpečnosti =  |b Cyber security glossary /  |c Petr Jirásek, Luděk Novák, Josef Požár 
246 3 1 |a Cyber security glossary 
250 |a Třetí aktualizované vydání 
264 1 |a Praha :  |b Policejní akademie ČR v Praze :  |b Česká pobočka AFCEA,  |c 2015 
300 |a 240 stran ;  |c 21 cm 
336 |a text  |b txt  |2 rdacontent 
337 |a bez média  |b n  |2 rdamedia 
338 |a svazek  |b nc  |2 rdacarrier 
500 |a Česko-anglický slovník 
500 |a 850 výtisků 
504 |a Obsahuje bibliografii 
546 |a Částečně anglický text 
650 0 7 |a kybernetická bezpečnost  |7 ph716242  |2 czenas 
650 0 7 |a oborová terminologie  |7 ph138998  |2 czenas 
650 0 7 |a čeština  |7 ph135292  |2 czenas 
650 0 7 |a angličtina  |7 ph114056  |2 czenas 
650 0 9 |a cyber security  |2 eczenas 
650 0 9 |a terminology (professional)  |2 eczenas 
650 0 9 |a Czech language  |2 eczenas 
650 0 9 |a English language  |2 eczenas 
655 7 |a terminologické slovníky  |7 fd202538  |2 czenas 
655 7 |a výkladové slovníky  |7 fd133855  |2 czenas 
655 7 |a dvojjazyčné překladové slovníky  |7 fd208746  |2 czenas 
655 9 |a terminological dictionaries  |2 eczenas 
655 9 |a explanatory dictionaries  |2 eczenas 
655 9 |a bilingual translation dictionaries  |2 eczenas 
700 1 |a Novák, Luděk  |7 mzk2009496221  |4 aut 
700 1 |a Požár, Josef  |7 ola2004228812  |4 aut 
910 2 |a BOA001  |b 2-1349.010 
928 9 |a Armed Forces Communication & Electronics Association, Česká pobočka 
990 |a BK 
995 |a 01 
991 |b 201506  |c NOV  |e n 
996 6 |b 2610634832  |c 2-1349.010  |l MZK  |r Sklad / do 1 hodiny  |n 1  |p p.v.  |w 001508178  |u 000010  |a 1  |e BOA001  |j MZK50  |s P 
996 7 |b 2610637438  |c 2-1349.010  |l MZK  |r Sklad / do 1 hodiny  |n 2  |p dar  |w 001508178  |u 000020  |a 1  |e BOA001  |j MZK50  |s A